000 00299nam a22001217a 4500
003 OSt
005 20230613085325.0
008 220803b xxu||||| |||| 00| 0 eng d
040 _cIIMT UNIVERSITY
100 _aPT. SHRI RAM SHARMA ACHARYA
245 _aAPRIMIT SAMBHAWNAOU KA AAGAR
942 _2ddc
_c09
999 _c54685
_d54685